000 01136 a2200193 4500
003 Nust
005 20221031103555.0
010 _a 88141054
020 _a9971513129
040 _cNust
082 0 0 _a621.3192,CHO
100 2 _aRoy Choudhury, D.
_9101830
245 1 0 _aNetworks and systems /
_cD. Roy Choudhury.
260 _aNew York :
_bJ. Wiley,
_c1988.
300 _axi, 924 p. :
_bill. ;
_c25 cm.
505 _aBasic Circuit Elements and Waveforms (Page-1), Mesh and Node Analysis (Page-42), Graph Theory and Network Equation (Page-102), Fourier Series (Page-187), The Laplace Transform (Page-245), Application of Laplace Transform (Page-276), Network Theorems (Page-316), Resonance (Page-368), Analogous System (Page-391), Two Port Network (Page-432), Attenuators (Page-544), Conventional Filters (Page-557), Convolution Integral (Page-592), State Variable Analysis (Page-624), Network Functions (Page-658), Passive Network Synthesis (Page-699), J7 Feedback System (Page-744), Frequency Response Plots (Page-779), Computer Applications (Page-836),
650 0 _aElectric network analysis.
_910704
942 _2ddc
_cBK
999 _c176382
_d176382